000 00550naa a2200205 i 4500
001 90183
003 ES-MaBCM
005 20250717062546.0
008 030302s2003 fra 000 0 fre d
021 _axx
035 _a(OCoLC)1365122923
040 _cES-MaBCM
041 0 _afre
043 _afra
245 0 0 _aSociété assurantielle et solidarité
650 2 7 _aPolítica social
_959845
651 4 _aFrancia
_9115364
773 0 _aEn:
_tProblèmes économiques
_dParis : 2003
_w104496
_gnº 2.801, mars, p. 1-6. - Loc. S.428
942 _cAREV
999 _c90183
_d90183